MARC details
| 000 -LEADER |
| campo de control de longitud fija |
01792nkc a22002777a 4500 |
| 001 - NÚMERO DE CONTROL |
| campo de control |
85837 |
| 005 - FECHA Y HORA DE LA ÚLTIMA TRANSACCIÓN |
| campo de control |
20260429113640.0 |
| 007 - CAMPO FIJO DE DESCRIPCIÓN FÍSICA--INFORMACIÓN GENERAL |
| campo de control de longitud fija |
kh bo |
| 008 - DATOS DE LONGITUD FIJA--INFORMACIÓN GENERAL |
| campo de control de longitud fija |
260427s19311935sp ||||| |||| |0| i|spa d |
| 040 ## - FUENTE DE CATALOGACIÓN |
| Centro catalogador/agencia de origen |
M-RABA |
| Lengua de catalogación |
spa |
| Centro/agencia transcriptor |
M-RABA |
| 100 1# - ENTRADA PRINCIPAL--NOMBRE DE PERSONA |
| Nombre de persona |
Moreno, Vicente ( |
| Fechas asociadas al nombre |
1895-1954) |
| 9 (RLIN) |
29028 |
| 245 11 - MENCIÓN DEL TÍTULO |
| Título |
[Esculturas de bulto redondo |
| Resto del título |
: Siglo XX] |
| Mención de responsabilidad, etc. |
/ Moreno, Vicente |
| Medio |
[Material gráfico] |
| 260 ## - PUBLICACIÓN, DISTRIBUCIÓN, ETC. |
| Fecha de publicación, distribución, etc. |
[1931-1935] |
| 300 ## - DESCRIPCIÓN FÍSICA |
| Extensión |
3 fotografías |
| Otras características físicas |
: reproducción fotomecánica |
| Dimensiones |
; 23 x 17 cm |
| 500 00 - NOTA GENERAL |
| Nota general |
Conjunto de 3 fotografías que muestran tres esculturas del siglo XX de diferentes artistas. |
| 500 00 - NOTA GENERAL |
| Nota general |
Autoría tomada de de la Fot-799. Sello en tinta en el verso de la fotografía: "Fotografía de Arte Moreno. Plaza de las Cortes, 11. Madrid". |
| 500 00 - NOTA GENERAL |
| Nota general |
Fechas tomadas de los años de actividad del taller en esa ubicación. |
| 505 ## - NOTA DE CONTENIDO CON FORMATO |
| Nota de contenido con formato |
Rapto de Ganímedes. Autor desconocido. (Fot-797) -- "Post nubila Phoebus". Fructuoso Orduna Lafuente (Fot-798) -- Podría tratarse de una escultura de Richard Scheibe (Fot-799) |
| 655 #7 - TERMINO DE INDIZACIÓN--GENERO/FORMA |
| Datos o término principal de género/forma |
Fotografías de obras de arte |
| 9 (RLIN) |
75675 |
| 852 ## - LOCALIZACIÓN |
| Número de control de estantería |
Fot-797: Fot-798; Fot-799 |
| 856 ## - LOCALIZACIÓN Y ACCESO ELECTRÓNICOS |
| Identificador Uniforme de Recurso |
<a href="https://archivoybiblioteca.realacademiabellasartessanfernando.com/cgi-bin/koha/opac-retrieve-file.pl?id=1555956159851f3fca07403a44ef8873">https://archivoybiblioteca.realacademiabellasartessanfernando.com/cgi-bin/koha/opac-retrieve-file.pl?id=1555956159851f3fca07403a44ef8873</a> |
| Texto de enlace |
Fot-797 |
| 856 ## - LOCALIZACIÓN Y ACCESO ELECTRÓNICOS |
| Identificador Uniforme de Recurso |
<a href="https://archivoybiblioteca.realacademiabellasartessanfernando.com/cgi-bin/koha/opac-retrieve-file.pl?id=6faf1d2f2af3368cfe086404459faf61">https://archivoybiblioteca.realacademiabellasartessanfernando.com/cgi-bin/koha/opac-retrieve-file.pl?id=6faf1d2f2af3368cfe086404459faf61</a> |
| Texto de enlace |
Fot-798 |
| 856 ## - LOCALIZACIÓN Y ACCESO ELECTRÓNICOS |
| Identificador Uniforme de Recurso |
<a href="https://archivoybiblioteca.realacademiabellasartessanfernando.com/cgi-bin/koha/opac-retrieve-file.pl?id=ae39f070a8ddd97560dd5fc5867a829a">https://archivoybiblioteca.realacademiabellasartessanfernando.com/cgi-bin/koha/opac-retrieve-file.pl?id=ae39f070a8ddd97560dd5fc5867a829a</a> |
| Texto de enlace |
Fot-799r |
| 856 ## - LOCALIZACIÓN Y ACCESO ELECTRÓNICOS |
| Identificador Uniforme de Recurso |
<a href="https://archivoybiblioteca.realacademiabellasartessanfernando.com/cgi-bin/koha/opac-retrieve-file.pl?id=1cd34b97103e60c5a4badb79ae6c6dbc">https://archivoybiblioteca.realacademiabellasartessanfernando.com/cgi-bin/koha/opac-retrieve-file.pl?id=1cd34b97103e60c5a4badb79ae6c6dbc</a> |
| Texto de enlace |
Fot-799v |
| 942 ## - ELEMENTOS DE ENTRADA SECUNDARIOS (KOHA) |
| Tipo de ítem Koha |
Fotografías |
| Suprimir en OPAC |
No |